Personnages The 100 par images - Statistiques

Statistiques générales
  • Ce quiz a été pris 96 fois
  • Le résultat moyen est 28 sur 68
Statistiques - réponses
Par images Réponse % Correct
Bellamy Blake
97%
Clarke Griffin
96%
Octavia Blake
96%
Raven Reyes
93%
Lincoln Kom Trikru
86%
Lexa Kom Trikru
83%
Jasper Jordan
80%
Monty Green
80%
John Murphy
77%
Finn Collins
71%
Harper McIntyre
68%
Marcus Kane
67%
Thelonious Jaha
67%
Abby Griffin
65%
Emori Kom Spacekru
65%
Echo Kom Azgeda
64%
Indra Kom Trikru
64%
Madi Griffin
64%
Luna Kom Floukru
62%
Hope Diyoza
55%
Roan Kom Azgeda
55%
Charlotte
54%
Maya Vie
54%
Jordan Green
51%
Gaia Kom Trikru
49%
Joséphine Lightbourne
48%
Ontari Kom Azgeda
46%
A.L.I.E
45%
Nathan Miller
45%
Titus Kom Trikru
45%
Wells Jaha
43%
Anya Kom Trikru
36%
Gabriel Santiago
35%
Ilian Kom Trishanakru
35%
Charmaine Diyoza
32%
Ezekiel Shaw
32%
Atom
30%
Becca PramHeda
30%
Charles Pike
28%
Russell Lightbourne
28%
Niylah Kom Trikru
26%
Eric Jacskon
23%
Jacapo Sinclair
23%
Paxton McCreary
23%
Dante Wallace
22%
Nyko Kom Trikru
22%
Sheidheda
22%
Jake Griffin
20%
Aden Kom Trikru
19%
David Miller
19%
Zoé Monroe
19%
Kyle Wick
17%
Cage Wallace
16%
Hannah Green
16%
Delilah Workman
14%
Gustus Kom Trikru
14%
Levitt
14%
Bill Cadogan
13%
Bryan
13%
Carl Emerson
13%
Gina Martin
13%
Simone Lightbourne
13%
Anders
10%
Hatch
7%
Nelson
7%
Nikki
7%
Callie Cadogan
6%
Dave
0%
Aucun quiz correspondant
Distribution des résultats
% des personnes avec chaque résultat
Percentile par nombre de réponses
Votre historique - résultats
Vous n’avez pas pris ce quiz